000 01311nam0a2200349 4500
001 RU\NLR\BIBL_A\012164423
005 20191226103722.0
010 _a978-5-9071-4188-9
_91000
021 _aRU
_bКН-П-19-084082
_9КН-П-19-6110
035 _a(NLR Aleph) 012164423
035 _a(RuMoRGB)010148110
090 _a12208258
_c12208258
100 _a20191216d2019 u y0rusy50 ca
101 0 _arus
102 _aRU
105 _ay|||z|||000zy
200 1 _aЗа границами личности и права
_fВ. С. Пшизов
210 _aСанкт-Петербург
_cСвет
_d2019
215 _a76, [2] с.
_d21
300 _aНа обороте тит. л. в аннот. авт.: психиатр В. Пшизов
333 _a16+
606 1 _aПодростки
_xПсихологическая помощь
_2nlr_sh2
_3RU\NLR\AUTH\661524095
606 1 _aПсихические расстройства подростков
_jПопулярные издания
_2nlr_sh2
_3RU\NLR\AUTH\661355673
686 1 _aЮ984.92
686 1 _aС550.325.2
686 1 _aР733.64я9
700 1 _aПшизов
_bВ. С.
_gВладимир Сергеевич
942 _cBOOK
980 _aNBR
980 _aNB